Dyskinésies tardives et de sevrage liées aux antipsychotiques (notice n° 1615184)

détails MARC
000 -LEADER
fixed length control field 02202cam a2200349 4500500
005 - DATE AND TIME OF LATEST TRANSACTION
control field 20260111072956.0
041 ## - LANGUAGE CODE
Language code of text/sound track or separate title fre
042 ## - AUTHENTICATION CODE
Authentication code dc
100 10 - MAIN ENTRY--PERSONAL NAME
Personal name Pelerin, Jean-Marc
Relator term author
245 00 - TITLE STATEMENT
Title Dyskinésies tardives et de sevrage liées aux antipsychotiques
260 ## - PUBLICATION, DISTRIBUTION, ETC.
Date of publication, distribution, etc. 2024.<br/>
500 ## - GENERAL NOTE
General note 60
520 ## - SUMMARY, ETC.
Summary, etc. Les dyskinésies tardives et de sevrage liées aux antipsychotiques sont des événements fréquents avec une symptomatologie bien spécifique. Devant les nombreux cas rapportés au Centre régional de pharmacovigilance de Nancy, une brève revue de la littérature a été réalisée. Les mécanismes physiopathologiques sont explorés ainsi que les recommandations de prises en charge.
520 ## - SUMMARY, ETC.
Summary, etc. Antipsychotic-induced tardive dyskinesia and withdrawal-emergent dyskinesia are common syndromes with a very specific symptomatology. In view of the numerous cases reported to the French Centre de Pharmacovigilance of Nancy, a brief review of the literature was carried out. Pathophysiological mechanisms are explored as well as recommendations for treatment.
520 ## - SUMMARY, ETC.
Summary, etc. Las discinesias de aparición tardía y las discinesias de abstinencia asociadas a los fármacos antipsicóticos son acontecimientos frecuentes con una sintomatología muy específica. A la vista de los numerosos casos notificados al Centro Regional de Farmacovigilancia de Nancy, se ha realizado una breve revisión de la bibliografía. Se exploran los mecanismos fisiopatológicos así como recomendaciones para su tratamiento.
690 ## - LOCAL SUBJECT ADDED ENTRY--TOPICAL TERM (OCLC, RLIN)
Topical term or geographic name as entry element antipsychotique
690 ## - LOCAL SUBJECT ADDED ENTRY--TOPICAL TERM (OCLC, RLIN)
Topical term or geographic name as entry element dyskinésie
690 ## - LOCAL SUBJECT ADDED ENTRY--TOPICAL TERM (OCLC, RLIN)
Topical term or geographic name as entry element dyskinésie tardive
690 ## - LOCAL SUBJECT ADDED ENTRY--TOPICAL TERM (OCLC, RLIN)
Topical term or geographic name as entry element effet secondaire
690 ## - LOCAL SUBJECT ADDED ENTRY--TOPICAL TERM (OCLC, RLIN)
Topical term or geographic name as entry element sevrage
690 ## - LOCAL SUBJECT ADDED ENTRY--TOPICAL TERM (OCLC, RLIN)
Topical term or geographic name as entry element antipsychotics
690 ## - LOCAL SUBJECT ADDED ENTRY--TOPICAL TERM (OCLC, RLIN)
Topical term or geographic name as entry element dyskinesia
690 ## - LOCAL SUBJECT ADDED ENTRY--TOPICAL TERM (OCLC, RLIN)
Topical term or geographic name as entry element side effect
690 ## - LOCAL SUBJECT ADDED ENTRY--TOPICAL TERM (OCLC, RLIN)
Topical term or geographic name as entry element tardive dyskinesia
690 ## - LOCAL SUBJECT ADDED ENTRY--TOPICAL TERM (OCLC, RLIN)
Topical term or geographic name as entry element withdrawal
700 10 - ADDED ENTRY--PERSONAL NAME
Personal name Gross, Grégory
Relator term author
700 10 - ADDED ENTRY--PERSONAL NAME
Personal name Petitpain, Nadine
Relator term author
700 10 - ADDED ENTRY--PERSONAL NAME
Personal name Gillet, Pierre
Relator term author
700 10 - ADDED ENTRY--PERSONAL NAME
Personal name Fresse, Audrey
Relator term author
786 0# - DATA SOURCE ENTRY
Note L'information psychiatrique | Volume 99 | 9 | 2024-01-03 | p. 597-601 | 0020-0204
856 41 - ELECTRONIC LOCATION AND ACCESS
Uniform Resource Identifier <a href="https://stm.cairn.info/revue-l-information-psychiatrique-2023-9-page-597?lang=fr&redirect-ssocas=7080">https://stm.cairn.info/revue-l-information-psychiatrique-2023-9-page-597?lang=fr&redirect-ssocas=7080</a>

Pas d'exemplaire disponible.

PLUDOC

PLUDOC est la plateforme unique et centralisée de gestion des bibliothèques physiques et numériques de Guinée administré par le CEDUST. Elle est la plus grande base de données de ressources documentaires pour les Étudiants, Enseignants chercheurs et Chercheurs de Guinée.

Adresse

627 919 101/664 919 101

25 boulevard du commerce
Kaloum, Conakry, Guinée

Réseaux sociaux

Powered by Netsen Group @ 2025